| 000 -LEADER | |
|---|---|
| fixed length control field | 00469nam a22001577a 4500 |
| 005 - DATE AND TIME OF LATEST TRANSACTION | |
| control field | 20220215104219.0 |
| 008 - FIXED-LENGTH DATA ELEMENTS--GENERAL INFORMATION | |
| fixed length control field | 220215b ||||| |||| 00| 0 eng d |
| 022 ## - INTERNATIONAL STANDARD SERIAL NUMBER | |
| ISSN | 978935230191 |
| 082 ## - DEWEY DECIMAL CLASSIFICATION NUMBER | |
| Classification number | 615.07 |
| 100 ## - MAIN ENTRY--AUTHOR NAME | |
| Personal name | MOHANTA ,GURU PRASAD AND MONNA , PRABAL |
| 245 ## - TITLE STATEMENT | |
| Title | PHARMACEUTICS; A PRACTICAL MANUAL: (FOR FIRST YEAR PHARMA D PROGRAMME) |
| 260 ## - PUBLICATION, DISTRIBUTION, ETC. (IMPRINT) | |
| Place of publication | HYDERABAD |
| Name of publisher | PHARMA MED PRESS |
| Year of publication | 2017 |
| 300 ## - PHYSICAL DESCRIPTION | |
| Number of Pages | 109;P. |
| 650 ## - SUBJECT ADDED ENTRY--TOPICAL TERM | |
| Topical Term | PHARMACY |
| General subdivision | D PHARMA |
| 942 ## - ADDED ENTRY ELEMENTS (KOHA) | |
| Koha item type | Books |
| Lost status | Damaged status | Collection code | Home library | Current library | Shelving location | Date acquired | Source of acquisition | Cost, normal purchase price | Serial Enumeration / chronology | Full call number | Accession Number | Koha item type |
|---|---|---|---|---|---|---|---|---|---|---|---|---|
| Reference | JRU Library | JRU Library | SHELF-4-B | 15/02/2022 | PURCHASE | 150.00 | 2199 | 615.07 | 26389 | Books | ||
| PHARMACY | JRU Library | JRU Library | Shelf - 27- A | 15/02/2022 | PURCHASE | 150.00 | 2199 | 615.07 | 26390 | Books | ||
| PHARMACY | JRU Library | JRU Library | Shelf - 27- A | 15/02/2022 | PURCHASE | 150.00 | 2199 | 615.07 | 26391 | Books | ||
| PHARMACY | JRU Library | JRU Library | Shelf - 27- A | 15/02/2022 | PURCHASE | 150.00 | 2199 | 615.07 | 26392 | Books |